| 000 -LEADER |
| fixed length control field |
00817nam a22001337a 4500 |
| 040 ## - CATALOGING SOURCE |
| Transcribing agency |
RUA |
| 082 ## - DEWEY DECIMAL CLASSIFICATION NUMBER |
| Classification number |
AVM SEA 2009 B087 Or.1 |
| 100 ## - MAIN ENTRY--AUTHOR NAME |
| Personal name |
SEANG, SOTHEA. |
| 245 ## - TITLE STATEMENT |
| Title |
Study on degradability of ricestraw and mulato II on local cattle by using the nylon bag technique in defferent medium of feeds, ការសិក្សាអំពីកំរិតរលាយរបស់ចំបើង និងស្មៅMulato II លើគោពូជក្នុងស្រុកដោយប្រើវិធីសាស្រ្ដថង់នីឡុងក្នុងមជ្ឈដ្ឋានចំណីខុសគ្នា |
| 260 ## - PUBLICATION, DISTRIBUTION, ETC. (IMPRINT) |
| Place of publication |
Phnom Penh |
| Name of publisher |
RUA |
| Year of publication |
2009 |
| 300 ## - PHYSICAL DESCRIPTION |
| Number of Pages |
xii; 41p. |
| Other physical details |
ill. |
| Dimensions |
29cm. |
| 856 ## - ELECTRONIC LOCATION AND ACCESS |
| Uniform Resource Identifier |
https://drive.google.com/file/d/1pZANqnfTe5sJGHHvbGVCWIbV0wjFb970/view?usp=sharing |
| 942 ## - ADDED ENTRY ELEMENTS (KOHA) |
| Koha item type |
AVM |
| 952 ## - LOCATION AND ITEM INFORMATION (KOHA) |
| Withdrawn status [LOCAL, KOHA] |
0 |
| 952 ## - LOCATION AND ITEM INFORMATION (KOHA) |
| Withdrawn status [LOCAL, KOHA] |
0 |
| 952 ## - LOCATION AND ITEM INFORMATION (KOHA) |
| Withdrawn status [LOCAL, KOHA] |
0 |
| 952 ## - LOCATION AND ITEM INFORMATION (KOHA) |
| Withdrawn status [LOCAL, KOHA] |
0 |